Ahsanul Kalam (Record no. 187924)
[ view plain ]
| 000 -LEADER | |
|---|---|
| fixed length control field | 00373 a2200157 4500 |
| 003 - CONTROL NUMBER IDENTIFIER | |
| control field | Nust |
| 005 - DATE AND TIME OF LATEST TRANSACTION | |
| control field | 20170207153529.0 |
| 040 ## - CATALOGING SOURCE | |
| Transcribing agency | Nust |
| 082 ## - DEWEY DECIMAL CLASSIFICATION NUMBER | |
| Classification number | 297.124 |
| 100 ## - MAIN ENTRY--PERSONAL NAME | |
| Personal name | Ibn-e-Kaseer |
| 245 ## - TITLE STATEMENT | |
| Title | Ahsanul Kalam |
| Remainder of title | Tafseer (Urdu) |
| Statement of responsibility, etc. | Tafseer Ibne Kaseer |
| 260 ## - PUBLICATION, DISTRIBUTION, ETC. | |
| Place of publication, distribution, etc. | Lahore |
| Name of publisher, distributor, etc. | Darusslam |
| 300 ## - PHYSICAL DESCRIPTION | |
| Extent | 1132:p |
| 538 ## - SYSTEM DETAILS NOTE | |
| System details note | Almirah No.58 and Shelf No.3 |
| 650 ## - SUBJECT ADDED ENTRY--TOPICAL TERM | |
| Topical term or geographic name entry element | Tafseer Quran |
| 942 ## - ADDED ENTRY ELEMENTS (KOHA) | |
| Source of classification or shelving scheme | |
| Koha item type | Book |
| Withdrawn status | Lost status | Source of classification or shelving scheme | Damaged status | Not for loan | Collection code | Permanent Location | Current Location | Date acquired | Total Checkouts | Full call number | Barcode | Date last seen | Price effective from | Koha item type |
|---|---|---|---|---|---|---|---|---|---|---|---|---|---|---|
| Military College of Signals (MCS) | Military College of Signals (MCS) | 12/12/2016 | 297.124 KHA | MCS32909 | 12/08/2016 | 12/12/2016 | Book | |||||||
| Military College of Signals (MCS) | Military College of Signals (MCS) | 12/12/2016 | 297.124 KHA | MCS32910 | 12/08/2016 | 12/12/2016 | Book |
